| 000 | 004180000a22001810004500 | ||
|---|---|---|---|
| 003 | MACL | ||
| 005 | 20151227123137.0 | ||
| 008 | 151227b xxu||||| |||| 00| 0 eng d | ||
| 040 |
_aMACL _cMACL |
||
| 041 | _aEnglish | ||
| 082 | _a001/CHO | ||
| 100 |
_aChopra, Dr. Ravi _923074 |
||
| 245 | _aCurrent Events Annual | ||
| 260 | _bBookhive | ||
| 350 | _a22 | ||
| 650 |
_aGenelities _923075 |
||
| 942 |
_cBK _k001/Cho _2ddc |
||
| 999 |
_c33710 _d33710 |
||